| 000 | 02411cam a2200493 c 4500 | ||
|---|---|---|---|
| 001 | 1931821860 | ||
| 003 | DE-627 | ||
| 005 | 20260212132724.0 | ||
| 007 | cr uuu---uuuuu | ||
| 008 | 250725s2023 xx |||||o 00| ||ger c | ||
| 020 |
_a9783842089600 _cEPUB |
||
| 024 | 7 |
_aurn:nbn:de:gbv:18-epflicht-6186 _2urn |
|
| 035 | _a(DE-627)1931821860 | ||
| 035 | _a(DE-599)KEP117291668 | ||
| 035 | _a(EPFHH)4d8f20b7-a11f-497f-8e59-e7d6b2d49712 | ||
| 035 | _a(EPFHH-TOKYOPOP)1040561522_9783842089600 | ||
| 035 | _a(DE-627-1)117291668 | ||
| 040 |
_aDE-627 _bger _cDE-627 _erda |
||
| 041 |
_ager _hjpn |
||
| 072 | 7 |
_a9182 _2wsb |
|
| 082 | 0 | 4 |
_a741.5 _qDE-576 |
| 245 | 0 | 0 |
_aWolfsgrau und geheimnisvoll _cMachi Suehiro |
| 264 | 1 |
_aHamburg _bTOKYOPOP Verlag _c2023 |
|
| 300 | _a1 Online-Ressource (196 S.) | ||
| 336 |
_aText _btxt _2rdacontent |
||
| 337 |
_aComputermedien _bc _2rdamedia |
||
| 338 |
_aOnline-Ressource _bcr _2rdacarrier |
||
| 490 | 0 | _aFuchsrot wie die Eifersucht | |
| 520 | _aNach einem anstrengenden Tag an der Uni gibt es für den Doktoranden Shiroki kaum etwas Schöneres, als den Tag in Ruhe ausklingen zu lassen. Wäre da nicht sein Nachbar Hayato, der regelmäßig einen tierischen Radau veranstaltet. Shiroki wird es schließlich zu bunt und er weist Hayato zurecht. An den folgenden Tagen ist es ungewöhnlich ruhig nebenan. Beinah zu ruhig. Als sich plötzlich Shirokis Katze ausbüxt und auf den Nachbarbalkon flüchtet, muss er wieder bei Hayato klopfen. Da ihm jedoch niemand die Tür öffnet, lässt er sich selbst ein und entdeckt so seinen bewusstlosen Nachbarn – doch warum hat der plötzlich die Ohren und den Schwanz eines Wolfes?! Das süße Spin-off zu Fuchsrot wie die Eifersucht! | ||
| 583 | 1 |
_aArchivierung/Langzeitarchivierung gewährleistet _fPEHH _kDE-576 _2pdager _5DE-18 |
|
| 650 | 4 | _aJapan | |
| 650 | 4 | _aManga | |
| 650 | 4 | _aBoys Love | |
| 650 | 4 | _aYaoi | |
| 650 | 4 | _aKawaii | |
| 650 | 4 | _aWolf | |
| 700 | 1 |
_81\p _aSuehiro, Machi _eVerfasserIn _0(DE-588)1272358941 _0(DE-627)1821317866 _4aut |
|
| 776 | 1 | _z9783842084223 | |
| 776 | 0 | 8 |
_iErscheint auch als _nDruck-Ausgabe _z9783842084223 |
| 856 | 4 | 0 |
_uhttps://nbn-resolving.org/urn:nbn:de:gbv:18-epflicht-6186 _mX:EPF _qapplication/epub+zip _zlizenzpflichtig _71 |
| 883 |
_81\p _acgwrk _d20250802 _qDE-101 _uhttps://d-nb.info/provenance/plan#cgwrk |
||
| 942 |
_2ddc _cMGA _n0 |
||
| 951 | _aBO | ||
| 999 |
_c1498 _d1498 |
||